IP over WDM / (Record no. 182533)
[ view plain ]
| 000 -LEADER | |
|---|---|
| fixed length control field | 01120 a2200241 4500 |
| 003 - CONTROL NUMBER IDENTIFIER | |
| control field | Nust |
| 005 - DATE AND TIME OF LATEST TRANSACTION | |
| control field | 20221208132213.0 |
| 010 ## - LIBRARY OF CONGRESS CONTROL NUMBER | |
| LC control number | 2002028073 |
| 020 ## - INTERNATIONAL STANDARD BOOK NUMBER | |
| International Standard Book Number | 0470844175 |
| 040 ## - CATALOGING SOURCE | |
| Transcribing agency | Nust |
| 082 00 - DEWEY DECIMAL CLASSIFICATION NUMBER | |
| Classification number | 621.382,LIU |
| 100 1# - MAIN ENTRY--PERSONAL NAME | |
| Personal name | Liu, Kevin H. |
| 9 (RLIN) | 61826 |
| 245 10 - TITLE STATEMENT | |
| Title | IP over WDM / |
| Statement of responsibility, etc. | Kevin H. Liu. |
| 260 ## - PUBLICATION, DISTRIBUTION, ETC. | |
| Place of publication, distribution, etc. | New York : |
| Name of publisher, distributor, etc. | J. Wiley, |
| Date of publication, distribution, etc. | 2002. |
| 300 ## - PHYSICAL DESCRIPTION | |
| Extent | xxiii, 389 p. : |
| Other physical details | ill. ; |
| Dimensions | 25 cm. |
| 505 ## - FORMATTED CONTENTS NOTE | |
| Formatted contents note | Introduction (Page-1), Review (Page-19), Characteristic of the Internet and IP Routing (Page-57), WDM Optical Networks (Page-99), IP Over WDM (Page-155), IP/WDM Network Control (Page-175), IP/ WDM Traffic Engineering (Page-245), Other IP/ WDM Specific Issues (Page-339), Concluding Remarks (Page-353), |
| 650 #0 - SUBJECT ADDED ENTRY--TOPICAL TERM | |
| Topical term or geographic name entry element | TCP/IP (Computer network protocol) |
| 9 (RLIN) | 24824 |
| 650 #0 - SUBJECT ADDED ENTRY--TOPICAL TERM | |
| Topical term or geographic name entry element | Telecommunications engineering. |
| 9 (RLIN) | 58485 |
| 856 42 - ELECTRONIC LOCATION AND ACCESS | |
| Materials specified | Book review (E-STREAMS) |
| Uniform Resource Identifier | <a href="http://www.e-streams.com/es0701/es0701_2964.html">http://www.e-streams.com/es0701/es0701_2964.html</a> |
| 856 42 - ELECTRONIC LOCATION AND ACCESS | |
| Materials specified | Publisher description |
| Uniform Resource Identifier | <a href="http://www.loc.gov/catdir/description/wiley036/2002028073.html">http://www.loc.gov/catdir/description/wiley036/2002028073.html</a> |
| 856 42 - ELECTRONIC LOCATION AND ACCESS | |
| Materials specified | Table of contents |
| Uniform Resource Identifier | <a href="http://www.loc.gov/catdir/toc/wiley031/2002028073.html">http://www.loc.gov/catdir/toc/wiley031/2002028073.html</a> |
| 942 ## - ADDED ENTRY ELEMENTS (KOHA) | |
| Source of classification or shelving scheme | |
| Koha item type | Book |
| Withdrawn status | Lost status | Source of classification or shelving scheme | Damaged status | Not for loan | Permanent Location | Current Location | Shelving location | Date acquired | Full call number | Barcode | Date last seen | Price effective from | Koha item type | Public note |
|---|---|---|---|---|---|---|---|---|---|---|---|---|---|---|
| Military College of Signals (MCS) | Military College of Signals (MCS) | General Stacks | 12/12/2016 | 621.382,LIU | MCS32614 | 12/08/2016 | 12/12/2016 | Book | Almirah No.35,Shelf No.4 |
